Biochemistry laboratory techniques (Record no. 32410)

MARC details
000 -LEADER
fixed length control field 00547nam a2200205Ia 4500
082 ## - DEWEY DECIMAL CLASSIFICATION NUMBER
Classification number 577.1
Item number CHA
100 ## - MAIN ENTRY--AUTHOR NAME
Personal name CHAYKIN, Sterling
245 #0 - TITLE STATEMENT
Title Biochemistry laboratory techniques
260 ## - PUBLICATION, DISTRIBUTION, ETC. (IMPRINT)
Place of publication New York
Name of publisher Robert E Krieger
Year of publication 1977
650 ## - SUBJECT ADDED ENTRY--TOPICAL TERM
Topical Term Bacterial genetics
650 ## - SUBJECT ADDED ENTRY--TOPICAL TERM
Topical Term Biochemistry
650 ## - SUBJECT ADDED ENTRY--TOPICAL TERM
Topical Term Carbohydrate
650 ## - SUBJECT ADDED ENTRY--TOPICAL TERM
Topical Term Gel filtration
650 ## - SUBJECT ADDED ENTRY--TOPICAL TERM
Topical Term Glass blowing
650 ## - SUBJECT ADDED ENTRY--TOPICAL TERM
Topical Term Protein determination
650 ## - SUBJECT ADDED ENTRY--TOPICAL TERM
Topical Term Sephadex
650 ## - SUBJECT ADDED ENTRY--TOPICAL TERM
Topical Term Yeat alchol dehydrogenase
942 ## - ADDED ENTRY ELEMENTS (KOHA)
Koha item type Books
Holdings
Withdrawn status Lost status Damaged status Not for loan Home library Current library Date acquired Full call number Accession Number Koha item type
        RRII Library RRII Library 16/12/2021 577.1 CHA 12926 Books